000 00345nam a2200145Ia 4500
008 221030s9999 xx 000 0 und d
041 _aEnglish
082 _a105.23
100 _aIbm
245 4 _aThe Great Mind Challenge for Business
_cby Ibm
260 _bIBM India Ltd.
_aBangalore
_c0
300 _a237
650 _aGeneral
942 _cBK
999 _c11016
_d11016